00675nam a2200193 4500001000700000003000900007005001700016007000300033008004100036100002600077245007400103250001200177260004300189300003200232700004400264852003200308999001900340952012200359116992ES-MaACL20251114150617.0t|070228s1970 sp r ||||1| spa d1 aPayne, Robert.98972810aMao Tse-Tung / cRobert Payne ; traducción: Miguel Giménez Sales. a1ª ed. aBarcelona [etc.] : bBruguera, c1970. a263 p., 8 lám. ; c24 cm.1 aGiménez Sales, Miguel, d1922-957067 aES-MaACLjC-41779 bR.73865 c116992d116992 00104070aATENEOMbATENEOMcDEPO2d2008-01-17eSCl0oC-41779p1121981r2023-02-23 00:00:00w2023-02-23yMONOGRAFIA